The evolution of the Latin [b]-[u] merger (Record no. 28845)

MARC details
000 -LEADER
campo de control de longitud fija 00563nam a2200157 i 4500
001 - NÚMERO DE CONTROL
campo de control 28845
003 - IDENTIFICADOR DE NÚMERO DE CONTROL
campo de control ES-MaACL
005 - FECHA Y HORA DE LA ÚLTIMA TRANSACCIÓN
campo de control 20230906153934.0
007 - CAMPO FIJO DE DESCRIPCIÓN FÍSICA--INFORMACIÓN GENERAL
campo de control de longitud fija t|
008 - DATOS DE LONGITUD FIJA--INFORMACIÓN GENERAL
campo de control de longitud fija 030120s1978 xxu ||||1| eng d
100 1# - ENTRADA PRINCIPAL--NOMBRE DE PERSONA
Nombre de persona Barbarino, Joseph Louis.
9 (RLIN) 25385
245 14 - MENCIÓN DEL TÍTULO
Título The evolution of the Latin [b]-[u] merger
Resto del título : a quantitative and comparative analysis of the B-V alteration in latin inscriptions /
Mención de responsabilidad, etc. by Joseph Louis Barbarino.
260 ## - PUBLICACIÓN, DISTRIBUCIÓN, ETC.
Lugar de publicación, distribución, etc. Chapel Hill :
Nombre del editor, distribuidor, etc. University of North Carolina,
Fecha de publicación, distribución, etc. 1978.
300 ## - DESCRIPCIÓN FÍSICA
Extensión 171 p. ;
Dimensiones 24 cm.
852 ## - LOCALIZACIÓN
Ubicación ES-MaACL
Número de control de estantería A-9712
Sublocalización o colección R.98663
Holdings
Estatus retirado Estado de pérdida Estado de daño No para préstamo Biblioteca de origen Biblioteca actual Ubicación en estantería Fecha de adquisición Fuente de adquisición Total de préstamos Signatura topográfica completa Código de barras Visto por última vez Precio de reemplazo Tipo de ítem Koha
        Biblioteca del Ateneo de Madrid Biblioteca del Ateneo de Madrid Depósito 1 17/01/2008     A-9712 1029781 23/02/2023 23/02/2023 Libro impreso